Journal of Fluid Mechanics vol 691 (Record no. 24634)
[ view plain ]
| 000 -LEADER | |
|---|---|
| fixed length control field | 00196nam a22000737a 4500 |
| 003 - CONTROL NUMBER IDENTIFIER | |
| control field | NUST |
| 005 - DATE AND TIME OF LATEST TRANSACTION | |
| control field | 20170615120233.0 |
| 008 - FIXED-LENGTH DATA ELEMENTS--GENERAL INFORMATION | |
| fixed length control field | 140617b xxu||||| |||| 00| 0 eng d |
| 020 ## - INTERNATIONAL STANDARD BOOK NUMBER | |
| Terms of availability | Available |
| 022 ## - INTERNATIONAL STANDARD SERIAL NUMBER | |
| International Standard Serial Number | 00221120 |
| 040 ## - CATALOGING SOURCE | |
| Original cataloging agency | DLC |
| Language of cataloging | DLC |
| Transcribing agency | RCMS |
| 082 ## - DEWEY DECIMAL CLASSIFICATION NUMBER | |
| Classification number | 532.14 CAM |
| 100 ## - MAIN ENTRY--PERSONAL NAME | |
| Personal name | Cambridge University Press |
| 9 (RLIN) | 2672 |
| 245 ## - TITLE STATEMENT | |
| Title | Journal of Fluid Mechanics vol 691 |
| Statement of responsibility, etc. | Cambridge University Press |
| 260 ## - PUBLICATION, DISTRIBUTION, ETC. | |
| Place of publication, distribution, etc. | USA |
| Name of publisher, distributor, etc. | Cambridge University Press |
| Date of publication, distribution, etc. | 25,January,2012. |
| 300 ## - PHYSICAL DESCRIPTION | |
| Extent | 606,p: |
| Other physical details | ill: |
| Dimensions | 22,cm. |
| 440 ## - SERIES STATEMENT/ADDED ENTRY--TITLE | |
| Volume/sequential designation | Volume : 691 |
| 9 (RLIN) | 2702 |
| 500 ## - GENERAL NOTE | |
| General note | Content Continued on inside back cover. |
| 538 ## - SYSTEM DETAILS NOTE | |
| Display text | Shelf No 1 Row No 6 |
| 651 ## - SUBJECT ADDED ENTRY--GEOGRAPHIC NAME | |
| Geographic name | Fluid Mechanics |
| 9 (RLIN) | 2703 |
| 942 ## - ADDED ENTRY ELEMENTS (KOHA) | |
| Source of classification or shelving scheme | |
| Koha item type | Continuing Resources |
| Withdrawn status | Lost status | Source of classification or shelving scheme | Damaged status | Not for loan | Permanent Location | Current Location | Shelving location | Date acquired | Total Checkouts | Full call number | Barcode | Date last seen | Price effective from | Koha item type |
|---|---|---|---|---|---|---|---|---|---|---|---|---|---|---|
| School of Interdisciplinary Engineering and Sciences (SINES) | School of Interdisciplinary Engineering and Sciences (SINES) | General Stacks | 06/17/2014 | 532.14 CAM | RCMS002450 | 06/17/2014 | 06/17/2014 | Continuing Resources |
